• 首页
  • 本馆介绍
  • 公告通知
  • 最新文献
  • 馆藏检索
  • 电子资源
  • 读者导购
  • 参考咨询
  • 我的图书馆
  • 登录
  • 详细信息显示
  • 放入我的书架
  • 预约/预借图书
  • 作者相关作品
  • 分类相关作品
  • 丛书相关作品
  • 出版社相关作品

书目信息

  • 表格格式
  • 工作单格式
  • 卡片格式
题名:
蒂布特模型
    
 
作者: 曹荣湘 主编
分册:  
出版信息: 北京   社会科学文献出版社  2004
页数: 309页
开本: 20cm
丛书名: 全球经济热点文丛
单 册:
中图分类: F062.6
科图分类:
主题词: 公共经济学--研究
电子资源:
ISBN: 7-80190-241-6
000 00775oam2 2200241 45
001 002726270
005 20050104163053.9
010    @a7-80190-241-6@dCNY24.00
100    @a20040726d2004 emky0chiy0110 ea
101 1  @achi@cmul
102    @aCN@b110000
105    @ay z 000yy
200 1  @a蒂布特模型@Adi bu te mo xing@f曹荣湘主编@FCao Rong Xiang Zhu Bian
210    @a北京@c社会科学文献出版社@d2004
215    @a309页@d20cm
225 2  @a全球经济热点文丛
330    @a本书是对公共经济学的研究,其相关论文涉及其理论基础,其模型阐释及对本模型的批判,以及它与公共选择、治理的关系等。
410    @12001 @a全球经济热点文丛
606 0  @a公共经济学@x研究
690    @aF062.6@v4
701  0 @a曹荣湘@4主编
801  0 @aCN@bNLC@c20041018
905    @b341256-260@dF062.6@e34@f5
    
    蒂布特模型/曹荣湘主编.-北京:社会科学文献出版社,2004
    309页;20cm.-(全球经济热点文丛)
    
    
    ISBN 7-80190-241-6:CNY24.00
    本书是对公共经济学的研究,其相关论文涉及其理论基础,其模型阐释及对本模型的批判,以及它与公共选择、治理的关系等。
●
相关链接 在E读中查询图书 在五车中查询图书 在当当中查询图书 在豆瓣中查询图书


正题名:蒂布特模型     索取号:F062.6/34         预约/预借

序号 登录号 条形码 馆藏地/架位号 状态 备注
1 0341256   203412565   第一样本阅览室/ [索取号:F062.6/34] 在馆    
2 0341257   203412574   第一借阅区/ [索取号:F062.6/34] 在馆    
3 0341258   203412583   第一借阅区/ [索取号:F062.6/34] 在馆    
4 0341259   203412592   第一借阅区/ [索取号:F062.6/34] 在馆    
5 0341260   203412609   第一借阅区/ [索取号:F062.6/34] 在馆    
唐山师范学院图书馆 欢迎您!
大连网信软件有限公司© 版权所有